Name All Federal Holidays in the USA - Statistics

General Stats
  • This quiz has been taken 54 times
  • The average score is 8 of 11
Answer Stats
Day Answer % Correct
January 1st New Year's Day
96%
December 25th Christmas Day
91%
July 4th Independence Day
91%
The 3rd Monday in February President's Day
74%
June 19th Juneteenth National Independence Day
72%
4th Thursday in November Thanksgiving Day
72%
The Last Monday in May Memorial Day
70%
The 1st Monday in September Labor Day
68%
November 11th Veterans' Day
68%
The 3rd Monday in January Martin Luther King Day
53%
2nd Monday in October Columbus Day
51%
No matching quizzes found
Score Distribution
Percent of People with Each Score
Percentile by Number Answered
Your Score History
You have not taken this quiz